Sociology, ethnomethodology, and experience : (Record no. 3717)

MARC details
000 -LEADER
fixed length control field 00877pam a2200229 a 4500
008 - FIXED-LENGTH DATA ELEMENTS--GENERAL INFORMATION
fixed length control field 821214s1983 enk b 001 0 eng
020 ## - INTERNATIONAL STANDARD BOOK NUMBER
ISBN 0521253896
020 ## - INTERNATIONAL STANDARD BOOK NUMBER
ISBN 0521274095 (pbk.)
100 1# - MAIN ENTRY--AUTHOR
Author Rogers, Mary F.
245 10 - TITLE STATEMENT
Title Sociology, ethnomethodology, and experience :
Remainder of title a phenomenological critique /
Statement of responsibility, etc Mary F. Rogers.
260 ## - PUBLICATION, DISTRIBUTION, ETC. (IMPRINT)
Place of publication Cambridge [Cambridgeshire] ;
-- New York :
Name of publisher Cambridge University Press,
Date of publication 1983.
300 ## - COLLATION
Pagination xi, 219 p. ;
440 #4 - SERIES STATEMENT/ADDED ENTRY--TITLE
Series Title The Arnold and Caroline Rose monograph series of the American Sociological Association
500 ## - GENERAL NOTE
General note Includes indexes.
650 #0 - TRACINGS
Main Subject Phenomenological sociology.
650 #0 - TRACINGS
Main Subject Ethnomethodology.
856 42 - ELECTRONIC LOCATION AND ACCESS
URL http://www.loc.gov/catdir/enhancements/fy0907/82023579-d.html
856 41 - ELECTRONIC LOCATION AND ACCESS
URL http://www.loc.gov/catdir/enhancements/fy0907/82023579-t.html
942 ## - ADDED ENTRY ELEMENTS (KOHA)
Item type Books
050 00 - LIBRARY OF CONGRESS CALL NUMBER
Classification number HM24
Item number .R64 1983
082 00 - DEWEY DECIMAL CLASSIFICATION NUMBER
Classification number 301/.01
Holdings
Source of classification or shelving scheme Not for loan Permanent location Current location Date acquired Accession No. Full call number Barcode. Koha item type
Library of Congress Classification   Samuel Ogbemudia Main Library, University of Abuja Samuel Ogbemudia Main Library, University of Abuja 05/29/2025 2017/481188 HM24.R64 1983 2025-2276 Books